000 00613nam a2200229 4500
001 37495
003 BD-RjUL
005 20211209052621.0
008 150121r19941990ii a|||| |||| 001 0 eng d
020 _a8122401295
035 _a(BD-RjUL)37599
040 _aBD-RjUL
_beng
_cBD-RjUL
041 _aeng
082 _223
_a660.6
_bTRB 1994
100 _aTrehan, Keshav
_9115162
245 _aBiotechnology /
_cKeshav Trehan.
260 _aNew Delhi :
_bWiley Eastern,
_c©1990.
300 _aviii, 286 p. :
_bill.
_c24 cm.
500 _aIncludes index.
650 _aBiotechnology.
_9115163
942 _2ddc
_cBK
999 _c37495
_d37495